Ang Pilipinas at ang mga Pilipino noon at ngayon / (Record no. 12287)

MARC details
000 -LEADER
fixed length control field 00530nam a2200193 4500
003 - CONTROL NUMBER IDENTIFIER
control field URS
005 - DATE AND TIME OF LATEST TRANSACTION
control field 20220114162409.0
008 - FIXED-LENGTH DATA ELEMENTS--GENERAL INFORMATION
fixed length control field 020101b xxu||||| |||| 00| 0 eng d
020 ## - INTERNATIONAL STANDARD BOOK NUMBER
International Standard Book Number 97103586
040 ## - CATALOGING SOURCE
Transcribing agency ddl
041 ## - LANGUAGE CODE
Language code of text/sound track or separate title fil
042 ## - AUTHENTICATION CODE
Authentication code DMLUC
050 00 - LIBRARY OF CONGRESS CALL NUMBER
Classification number DS 668
Item number A2768 1980
100 1# - MAIN ENTRY--PERSONAL NAME
Personal name Agoncillo, Teodoro A.
245 14 - TITLE STATEMENT
Title Ang Pilipinas at ang mga Pilipino noon at ngayon /
Statement of responsibility, etc. Teodoro A. Agoncillo.
260 ## - PUBLICATION, DISTRIBUTION, ETC.
Place of publication, distribution, etc. Quezon City :
Name of publisher, distributor, etc. R. P. Garcia Pub.,
Date of publication, distribution, etc. c1980.
300 ## - PHYSICAL DESCRIPTION
Extent xii, 546 p. :
Other physical details illustrations
942 ## - ADDED ENTRY ELEMENTS (KOHA)
Source of classification or shelving scheme Dewey Decimal Classification
Koha item type Filipiniana
Holdings
Withdrawn status Source of classification or shelving scheme Damaged status Not for loan Collection code Home library Current library Shelving location Date acquired Source of acquisition Total Checkouts Barcode Date last seen Price effective from Koha item type
  Dewey Decimal Classification     Fiction Angono College Library Angono College Library On Display 01/01/2002 donation   URSANG-4166 01/01/2002 01/01/2002 Filipiniana

University of Rizal System
Email us at univlibservices@urs.edu.ph

Visit our Website www.urs.edu.ph/library